000 00310nam a22001337a 4500
008 180924b xxu||||| |||| 00| 0 eng d
020 _a070221383
041 _aeng
080 _a610.73
100 _a2
101 _aINF
245 _aThe nurses guide to diagnostic procedures
_cFrench, R.M
942 _2udc
_cBK
999 _c48391
_d48391